000 00652nam a2200229 a 4500
999 _c10872
_d10872
001 10872
003 BD-JhCC
005 20190626085622.0
008 190522b2016 bg |||| ||a| 000 0 ben d
020 _a9789844321380
035 _a(BD-JhCC)10872
040 _aBD-JhCC
_dBD-JhCC
041 _aben
082 _a891.4435
_bSAN 2016
100 _aসংকেত, হানিফ
245 _aবিশেষ সবিশেষ অবিশেষ /
_cহানিফ সংকেত ।
260 _aঢাকা,
_bঅনন্যা;
_c2016.
300 _a87 p. :
_c22 cm.
650 _aBengali stories
942 _2ddc
_cBK